Statistics for Harry Potter quiz

Click here to take the quiz!

General Stats

  • This quiz has been taken 28 times
  • The average score is 8 of 10

Answer Stats

GuestionsAnswer% Correct
How are the new students sorted into their houses at hogwarts?The Sorting hat
100%
What is Voldemort's real name?Tom Riddle
100%
What is the name of the 4th Harry Potter book?Goblet of Fire
96%
What Hogwarts house was Luna Lovegood in?Ravenclaw
96%
What is Hadgrid's first name?Rubeus
96%
Who played Harry Potter in the movies?Daniel Radcliffe
88%
What is Hermione's patronusotter
68%
How many staircases does Hogwarts have?142
60%
What does Dumbledore tell Harry he see's in the Mirror of ErisedSocks
36%
What does the Hogwarts motto "draco dormiens nunquam titillandus" meanNever tickle a sleeping dragon
28%

Score Distribution

Percentile by Number Answered

Percent of People with Each Score

Your Score History

You have not taken this quiz